Music Quiz

Random Music or Lyrics Quiz

Riverside Lyrics Quiz Stats

 Plays Quiz not verified by Sporcle

Challenge
Share
Tweet
Embed
Score 0/199 Timer 10:00
0 Plays Today
% Correct
the
81.3%
the
81.3%
the
81.3%
the
81.3%
the
81.3%
the
81.3%
the
81.3%
the
81.3%
the
81.3%
the
81.3%
the
81.3%
and
81.3%
the
81.3%
the
81.3%
And
81.3%
the
81.3%
the
81.3%
the
81.3%
the
81.3%
the
81.3%
the
81.3%
and
81.3%
the
81.3%
the
81.3%
a
81.3%
the
81.3%
the
81.3%
And
81.3%
the
81.3%
the
81.3%
the
81.3%
to
68.8%
you
68.8%
to
68.8%
to
68.8%
you
68.8%
to
68.8%
to
68.8%
to
68.8%
to
68.8%
to
68.8%
by
62.5%
river
62.5%
by
62.5%
be
62.5%
river
62.5%
we
62.5%
by
62.5%
we
62.5%
by
62.5%
by
62.5%
by
62.5%
river
62.5%
river
62.5%
by
62.5%
river
62.5%
river
62.5%
be
62.5%
do
62.5%
river
62.5%
by
62.5%
by
62.5%
can
56.3%
riverside
56.3%
my
56.3%
go
56.3%
riverside
56.3%
% Correct
riverside
56.3%
Go
56.3%
my
56.3%
go
56.3%
my
56.3%
go
56.3%
riverside
56.3%
riverside
56.3%
Down
50%
see
50%
down
50%
on
50%
Down
50%
down
50%
see
50%
is
50%
in
50%
down
50%
on
50%
in
50%
in
50%
see
50%
is
50%
in
50%
down
50%
down
50%
where
43.8%
goes
43.8%
alone
43.8%
where
43.8%
sun
43.8%
will
43.8%
run
43.8%
at
43.8%
I
43.8%
your
43.8%
eyes
43.8%
I
43.8%
how
43.8%
I
43.8%
don't
43.8%
know
43.8%
I
43.8%
your
43.8%
eyes
43.8%
so
43.8%
near
43.8%
will
43.8%
your
43.8%
eyes
43.8%
I
43.8%
I
43.8%
alone
43.8%
I
43.8%
how
43.8%
I
43.8%
don't
43.8%
know
43.8%
I
43.8%
everybody
37.5%
water
37.5%
look
37.5%
from
37.5%
water
37.5%
with
37.5%
away
37.5%
Oh
37.5%
% Correct
why
37.5%
that
37.5%
all
37.5%
from
37.5%
water
37.5%
walk
37.5%
water
37.5%
just
37.5%
like
37.5%
why
37.5%
all
37.5%
Oh
37.5%
why
37.5%
oh
37.5%
boats
31.3%
won't
31.3%
any
31.3%
rising
31.3%
When
31.3%
drink
31.3%
tell
31.3%
you've
31.3%
never
31.3%
somebody
31.3%
somebody
31.3%
says
31.3%
current
31.3%
God
31.3%
everything
31.3%
torn
31.3%
deep
31.3%
way
31.3%
When
31.3%
past
31.3%
wash
31.3%
dirt
31.3%
very
31.3%
ears
31.3%
own
31.3%
them
31.3%
God
31.3%
everything
31.3%
torn
31.3%
deep
31.3%
way
31.3%
dregs
25%
stones
25%
riverbed
25%
been
25%
riverbed
25%
calls
25%
swim
25%
float
25%
everyday
25%
runs
25%
fall
25%
stone
25%
old
18.8%
Chilled
18.8%
marrow
18.8%
bones
18.8%
here
18.8%
boarders
6.3%
hey
6.3%
hey
6.3%

You're not logged in!

Compare scores with friends on all Sporcle quizzes.
Join for Free
OR
Log In

You Might Also Like...

Show Comments

Extras

Top Quizzes Today


Score Distribution

Your Account Isn't Verified!

In order to create a playlist on Sporcle, you need to verify the email address you used during registration. Go to your Sporcle Settings to finish the process.

Report this User

Report this user for behavior that violates our Community Guidelines.

Details: